LEADER 01136nas 2200397-a 450 001 996207247903316 005 20220226213023.0 011 $a1930-1197 035 $a(DE-599)ZDB2415658-9 035 $a(OCoLC)63763026 035 $a(CKB)1000000000280414 035 $a(CONSER)--2006213542 035 $a(EXLCZ)991000000000280414 100 $a20060213a20079999 --- a 101 0 $aeng 135 $aur||||||||||| 181 $ctxt$2rdacontent 182 $cc$2rdamedia 183 $acr$2rdacarrier 200 10$aJournal for the study of radicalism 210 $aEast Lansing, MI $cMichigan State University Press$d©2006- 311 $a1930-1189 606 $aRadicalism$vPeriodicals 606 $aRadicalisme$vPériodiques 606 $aRadicalism$2fast$3(OCoLC)fst01087015 608 $aCzasopismo socjologiczne.$2dbn 608 $aPeriodicals.$2fast 610 $aSocial Conditions 615 0$aRadicalism 615 6$aRadicalisme 615 7$aRadicalism. 676 $a303 906 $aJOURNAL 912 $a996207247903316 996 $aJournal for the study of radicalism$92127378 997 $aUNISA LEADER 00946oas 2200325 a 450 001 9910699942203321 005 20150909100428.0 035 $a(CKB)5470000002406535 035 $a(OCoLC)700047742 035 $a(EXLCZ)995470000002406535 100 $a20110202a200u9999 |a 101 0 $aeng 135 $aur||||||||||| 181 $ctxt$2rdacontent 182 $cc$2rdamedia 183 $acr$2rdacarrier 200 10$aFocus$b[electronic resource] $eAFSOC commando safety journal 210 $aHurlburt Field, Fla. $cAFSOC 215 $a1 online resource 517 $aFocus 606 $aAeronautics, Military$zUnited States$xSafety measures$vPeriodicals 615 0$aAeronautics, Military$xSafety measures 712 02$aUnited States.$bAir Force Special Operations Command. 801 0$bGPO 801 1$bGPO 801 2$bGPO 906 $aDOCUMENT 912 $a9910699942203321 996 $aFocus$961795 997 $aUNINA